Avion à récation DCS - Statistiques

Statistiques générales
  • Ce quiz a été pris 172 fois
    125 depuis la dernière actualisation
  • Le résultat moyen est 12 sur 23
Statistiques - réponses
Hint Réponse % Correct
France mirage 2000
98%
USA F-16
96%
USA F-18
95%
USA F-15
88%
USA F-14
78%
Russie mig-29
76%
Russie SU-27
74%
Russie mig-21
56%
France mirage F1
55%
USA A-10
53%
USA-UK AV-8B
49%
Russie SU-25
49%
Russie SU-33
49%
Russie mig-15
48%
USA F-5
47%
Suède AJS-37
36%
Russie mig-19
35%
USA F-86
27%
Tchéquie L-39
22%
Chine JF-17
21%
Italie MB-339
13%
Espagne C-101
7%
Russie yak-52
4%
Aucun quiz correspondant
Distribution des résultats
% des personnes avec chaque résultat
Percentile par nombre de réponses
Votre historique - résultats
Vous n’avez pas pris ce quiz depuis la dernière actualisation